000 00331pab a2200145 454500
008 180718b1986 xxu||||| |||| 00| 0 eng d
100 _aJha, M.L.
245 _aUnemployed youth in Bihar
260 _c1986
300 _a12-13
362 _aSept.
650 _aYouth - India - Bihar
773 _aSocial Welfare
909 _a21112
999 _c21112
_d21112